Data structures (Record no. 7794)
[ view plain ]
| 000 -LEADER | |
|---|---|
| fixed length control field | 00279nam a2200121Ia 4500 |
| 008 - FIXED-LENGTH DATA ELEMENTS--GENERAL INFORMATION | |
| fixed length control field | 191201s2012 xx 000 0 und d |
| 100 ## - MAIN ENTRY--PERSONAL NAME | |
| Personal name | LIPCHUTZ,Seymour |
| 245 #0 - TITLE STATEMENT | |
| Title | Data structures |
| 250 ## - EDITION STATEMENT | |
| Edition statement | Rep |
| 260 ## - PUBLICATION, DISTRIBUTION, ETC. (IMPRINT) | |
| Date of publication, distribution, etc | 2012 |
| Name of publisher, distributor, etc | TMH |
| Place of publication, distribution, etc | NEW DELHI |
| 300 ## - PHYSICAL DESCRIPTION | |
| Extent | MISC. |
| 942 ## - ADDED ENTRY ELEMENTS (KOHA) | |
| Source of classification or shelving scheme | Dewey Decimal Classification |
| Koha item type | Text Books |
| 942 ## - ADDED ENTRY ELEMENTS (KOHA) | |
| -- | 257 |
| Withdrawn status | Lost status | Source of classification or shelving scheme | Damaged status | Not for loan | Collection code | Home library | Current library | Date acquired | Source of acquisition | Cost, normal purchase price | Bill Number | Total Checkouts | Full call number | Acc. no. / Barcode | Date last seen | Date last borrowed | Actual Cost, discounted price | Bill Date | Koha item type | Checked out |
|---|---|---|---|---|---|---|---|---|---|---|---|---|---|---|---|---|---|---|---|---|
| Dewey Decimal Classification | BCA | PIET C-LIBRARY | PIET C-LIBRARY | 07/03/2012 | IBH, New Delhi | 600.00 | 4863 | 32 | 005.73 LID | BC203 | 27/10/2025 | 03/10/2025 | 209.04 | 07/03/2012 | Text Books | |||||
| Dewey Decimal Classification | BCA | PIET C-LIBRARY | PIET C-LIBRARY | 07/03/2012 | IBH, New Delhi | 325.00 | 4863 | 19 | 005.73 LID | BC204 | 17/01/2025 | 15/01/2025 | 209.04 | 07/03/2012 | Text Books | |||||
| Dewey Decimal Classification | BCA | PIET C-LIBRARY | PIET C-LIBRARY | 07/03/2012 | IBH, New Delhi | 325.00 | 4863 | 41 | 005.73 LID | BC205 | 16/10/2025 | 13/10/2025 | 209.04 | 07/03/2012 | Text Books | |||||
| Dewey Decimal Classification | BCA | PIET C-LIBRARY | PIET C-LIBRARY | 07/03/2012 | IBH, New Delhi | 325.00 | 4863 | 20 | 005.73 LID | BC206 | 27/10/2025 | 06/10/2025 | 209.04 | 07/03/2012 | Text Books | |||||
| Dewey Decimal Classification | BCA | PIET C-LIBRARY | PIET C-LIBRARY | 07/03/2012 | IBH, New Delhi | 325.00 | 4863 | 47 | 005.73 LID | BC207 | 08/12/2025 | 21/11/2025 | 209.04 | 07/03/2012 | Text Books | |||||
| Dewey Decimal Classification | BCA | PIET C-LIBRARY | PIET C-LIBRARY | 07/03/2012 | IBH, New Delhi | 325.00 | 4863 | 35 | 005.73 LID | BC208 | 16/10/2025 | 13/10/2025 | 209.04 | 07/03/2012 | Text Books | |||||
| Dewey Decimal Classification | BCA | PIET C-LIBRARY | PIET C-LIBRARY | 09/06/2013 | IBH, New Delhi | 375.00 | 10134 | 22 | 005.73 LID | BC639 | 06/01/2026 | 02/01/2026 | 259.20 | 09/06/2013 | Text Books | |||||
| Dewey Decimal Classification | BCA | PIET C-LIBRARY | PIET C-LIBRARY | 09/06/2013 | IBH, New Delhi | 375.00 | 10134 | 3 | 005.73 LID | BC640 | 30/12/2021 | 24/12/2021 | 259.20 | 09/06/2013 | Text Books | |||||
| Dewey Decimal Classification | BCA | PIET C-LIBRARY | PIET C-LIBRARY | 09/06/2013 | IBH, New Delhi | 375.00 | 10134 | 20 | 005.73 LID | BC641 | 27/11/2025 | 06/10/2025 | 259.20 | 09/06/2013 | Text Books | |||||
| Dewey Decimal Classification | BCA | PIET C-LIBRARY | PIET C-LIBRARY | 09/06/2013 | IBH, New Delhi | 375.00 | 10134 | 25 | 005.73 LID | BC642 | 24/02/2026 | 10/02/2026 | 259.20 | 09/06/2013 | Text Books | |||||
| Dewey Decimal Classification | BCA | PIET C-LIBRARY | PIET C-LIBRARY | 09/06/2013 | IBH, New Delhi | 375.00 | 10134 | 19 | 005.73 LID | BC643 | 30/05/2023 | 30/05/2023 | 259.20 | 09/06/2013 | Text Books | 13/06/2023 | ||||
| Dewey Decimal Classification | BCA | PIET C-LIBRARY | PIET C-LIBRARY | 09/06/2013 | IBH, New Delhi | 375.00 | 10134 | 35 | 005.73 LID | BC644 | 17/01/2025 | 04/01/2025 | 259.20 | 09/06/2013 | Text Books | |||||
| Dewey Decimal Classification | BCA | PIET C-LIBRARY | PIET C-LIBRARY | 09/06/2013 | IBH, New Delhi | 375.00 | 10134 | 20 | 005.73 LID | BC645 | 02/05/2024 | 02/05/2024 | 259.20 | 09/06/2013 | Text Books | 16/05/2024 | ||||
| Dewey Decimal Classification | BCA | PIET C-LIBRARY | PIET C-LIBRARY | 09/06/2013 | IBH, New Delhi | 375.00 | 10134 | 26 | 005.73 LID | BC646 | 29/10/2025 | 13/10/2025 | 259.20 | 09/06/2013 | Text Books | |||||
| Dewey Decimal Classification | BCA | PIET C-LIBRARY | PIET C-LIBRARY | 09/06/2013 | IBH, New Delhi | 375.00 | 10134 | 28 | 005.73 LID | BC647 | 17/01/2025 | 15/01/2025 | 259.20 | 09/06/2013 | Text Books | |||||
| Dewey Decimal Classification | BCA | PIET C-LIBRARY | PIET C-LIBRARY | 09/06/2013 | IBH, New Delhi | 375.00 | 10134 | 23 | 005.73 LID | BC648 | 27/10/2025 | 03/10/2025 | 259.20 | 09/06/2013 | Text Books | |||||
| Dewey Decimal Classification | BCA | PIET C-LIBRARY | PIET C-LIBRARY | 09/06/2013 | IBH, New Delhi | 375.00 | 10134 | 31 | 005.73 LID | BC649 | 27/10/2025 | 10/10/2025 | 259.20 | 09/06/2013 | Text Books | |||||
| Dewey Decimal Classification | BCA | PIET C-LIBRARY | PIET C-LIBRARY | 09/06/2013 | IBH, New Delhi | 375.00 | 10134 | 005.73 LID | BC650 | 04/12/2019 | 259.20 | 09/06/2013 | Text Books | |||||||
| Dewey Decimal Classification | BCA | PIET C-LIBRARY | PIET C-LIBRARY | 09/06/2013 | IBH, New Delhi | 375.00 | 10134 | 5 | 005.73 LID | BC651 | 12/11/2021 | 30/10/2021 | 259.20 | 09/06/2013 | Text Books | |||||
| Dewey Decimal Classification | BCA | PIET C-LIBRARY | PIET C-LIBRARY | 09/06/2013 | IBH, New Delhi | 375.00 | 10134 | 49 | 005.73 LID | BC652 | 01/05/2025 | 01/05/2025 | 259.20 | 09/06/2013 | Text Books | 17/11/2025 | ||||
| Dewey Decimal Classification | BCA | PIET C-LIBRARY | PIET C-LIBRARY | 09/06/2013 | IBH, New Delhi | 375.00 | 10134 | 39 | 005.73 LID | BC653 | 27/11/2025 | 14/11/2025 | 259.20 | 09/06/2013 | Text Books | |||||
| Dewey Decimal Classification | BCA | PIET C-LIBRARY | PIET C-LIBRARY | 09/06/2013 | IBH, New Delhi | 375.00 | 10134 | 20 | 005.73 LID | BC654 | 12/05/2025 | 29/04/2025 | 259.20 | 09/06/2013 | Text Books | |||||
| Dewey Decimal Classification | BCA | PIET C-LIBRARY | PIET C-LIBRARY | 09/06/2013 | IBH, New Delhi | 375.00 | 10134 | 35 | 005.73 LID | BC655 | 27/12/2025 | 15/12/2025 | 259.20 | 09/06/2013 | Text Books | |||||
| Dewey Decimal Classification | BCA | PIET C-LIBRARY | PIET C-LIBRARY | 09/06/2013 | IBH, New Delhi | 375.00 | 10134 | 24 | 005.73 LID | BC656 | 26/05/2025 | 13/05/2025 | 259.20 | 09/06/2013 | Text Books | |||||
| Dewey Decimal Classification | BCA | PIET C-LIBRARY | PIET C-LIBRARY | 09/06/2013 | IBH, New Delhi | 375.00 | 10134 | 24 | 005.73 LID | BC657 | 16/10/2025 | 03/10/2025 | 259.20 | 09/06/2013 | Text Books | |||||
| Dewey Decimal Classification | BCA | PIET C-LIBRARY | PIET C-LIBRARY | 09/06/2013 | IBH, New Delhi | 375.00 | 10134 | 18 | 005.73 LID | BC658 | 17/01/2025 | 13/01/2025 | 259.20 | 09/06/2013 | Text Books |